[Event "AUTO-ADV-1037"]
[Site "http://www.queenalice.com/game.php?id=463015"]
[Date "2008.9.14"]
[Round "1"]
[White "Tom"]
[Black "brown"]
[Result "1-0"]
[WhiteElo "1870"]
[BlackElo "1927"]

1. Nf3 Nf6 2. c4 c5 3. Nc3 g6 4. g3 Bg7 5. Bg2 Nc6 6. O-O O-O 7. Rb1 d5 8. cxd5
Nxd5 9. Nxd5 Qxd5 10. b3 Bg4 11. Bb2 Bxb2 12. Rxb2 1-0

[Event "AUTO-ADV-1037"]
[Site "http://www.queenalice.com/game.php?id=463030"]
[Date "2008.9.14"]
[Round "1"]
[White "reghini"]
[Black "Tom"]
[Result "1-0"]
[WhiteElo "1820"]
[BlackElo "1848"]

1. e4 c5 2. Nf3 d6 3. Nc3 Nf6 4. Be2 e6 5. O-O Be7 6. d3 O-O 7. Ne1 Nbd7 8. f4
a6 9. Kh1 b5 10. b3 Bb7 11. Bb2 Qb6 12. f5 exf5 13. exf5 Ne5 14. Nf3 Nxf3 15.
Bxf3 d5 16. Qd2 Rad8 17. Rae1 Rfe8 18. Re2 d4 19. Ne4 Nxe4 20. Bxe4 f6 21. Bc1
Bc8 22. Qf4 Bd6 23. Qg4 Re5 24. Bf4 Re7 25. Bd5+ Kh8 26. Rxe7 Bxe7 27. Qh5 Rf8
28. Rf3 Qa5 29. Qxh7+ 1-0

[Event "AUTO-ADV-1037"]
[Site "http://www.queenalice.com/game.php?id=463031"]
[Date "2008.9.14"]
[Round "1"]
[White "Tom"]
[Black "reghini"]
[Result "1-0"]
[WhiteElo "1838"]
[BlackElo "1836"]

1. c4 e6 2. Nc3 Nf6 3. Nf3 c6 4. g3 Be7 5. Bg2 b6 6. O-O O-O 7. d3 Ne8 8. a3 f5
9. b4 d5 10. cxd5 cxd5 11. Bb2 Bb7 12. Qb3 f4 13. Rac1 Qd6 14. Nb5 Qd7 15. Nbd4
fxg3 16. fxg3 Nc6 17. Nxc6 Bxc6 18. Ne5 Rxf1+ 19. Rxf1 Qd6 20. Nf7 Qc7 21. Ne5
Nf6 22. Rc1 Rf8 23. Rxc6 Qb8 24. Rxe6 Qd8 25. Nc6 Qc8 26. Nxe7+ 1-0

[Event "AUTO-ADV-1037"]
[Site "http://www.queenalice.com/game.php?id=463042"]
[Date "2008.9.14"]
[Round "1"]
[White "Tom"]
[Black "Nunes"]
[Result "1-0"]
[WhiteElo "1817"]
[BlackElo "1940"]

1. c4 b6 2. Nc3 Nf6 3. d3 Bb7 4. e4 e5 5. Bg5 Be7 6. Nf3 h6 7. Bh4 Nc6 8. Be2 d6
9. O-O Nd4 10. Nxd4 exd4 11. Bxf6 Bxf6 12. Nd5 Bxd5 13. exd5 O-O 14. Re1 Re8 15.
b4 a6 16. a4 Qd7 17. h3 c6 18. Bf3 Rxe1+ 19. Qxe1 Re8 20. Qd2 c5 21. b5 axb5 22.
axb5 Bg5 23. Qc2 Qe7 24. Be4 Bf4 25. g3 Qg5 26. Ra6 Rb8 27. Kh2 Be5 28. f4 Bxf4
29. gxf4 Qxf4+ 30. Kg2 f5 31. Bf3 g5 32. Qe2 Kh8 33. Qe6 Qd2+ 34. Be2 1-0

[Event "AUTO-ADV-1037"]
[Site "http://www.queenalice.com/game.php?id=463043"]
[Date "2008.9.14"]
[Round "1"]
[White "Nunes"]
[Black "Tom"]
[Result "0-1"]
[WhiteElo "1920"]
[BlackElo "1831"]

1. e4 c5 2. Nf3 d6 3. d4 cxd4 4. Nxd4 Nf6 5. Nc3 a6 6. Bg5 e6 7. f4 Be7 8. Qf3
Nbd7 9. O-O-O h6 10. Bxf6 Bxf6 11. g4 Qb6 12. Nb3 Bxc3 13. Qxc3 O-O 14. g5 hxg5
15. fxg5 Nc5 16. Nxc5 dxc5 17. h4 Qc6 18. Qf3 e5 19. Bh3 f5 20. Rhf1 f4 21. Bxc8
Raxc8 22. h5 Qe6 23. b3 c4 24. Rg1 g6 25. h6 Kh7 26. Rd5 cxb3 27. axb3 Qc6 28.
Rg2 Rfe8 29. Qg4 Rc7 30. Rgd2 Ree7 31. Kb2 Qc3+ 32. Kb1 Qc6 33. Kb2 Rf7 34. Qf3
Rfe7 35. Qg4 b5 36. Qf3 a5 37. Qh3 a4 38. Qd3 Ra7 39. Qxb5 a3+ 40. Ka2 Qc3 0-1

[Event "AUTO-ADV-1069"]
[Site "http://www.queenalice.com/game.php?id=475850"]
[Date "2008.10.11"]
[Round "1"]
[White "Tom"]
[Black "chicalleje"]
[Result "0-1"]
[WhiteElo "1871"]
[BlackElo "2003"]

1. c4 e5 2. Nc3 Nc6 3. Nf3 f5 4. d3 Nf6 5. Bg5 Bb4 6. Qb3 O-O 7. g3 h6 8. Bxf6
Bxc3+ 9. Qxc3 Qxf6 10. Bg2 d6 11. O-O f4 12. Nd2 Nd4 13. Rae1 Bg4 14. f3 fxg3
15. hxg3 Bf5 16. e3 Ne6 17. Ne4 Qg6 18. Kf2 Bxe4 19. dxe4 Qxe4 20. Kg1 Qg6 21.
f4 Qxg3 22. fxe5 dxe5 23. Re2 Ng5 24. Ref2 Nh3+ 25. Kh1 Nxf2+ 26. Kg1 Nh3+ 0-1

[Event "AUTO-ADV-1069"]
[Site "http://www.queenalice.com/game.php?id=475851"]
[Date "2008.10.11"]
[Round "1"]
[White "chicalleje"]
[Black "Tom"]
[Result "1-0"]
[WhiteElo "2014"]
[BlackElo "1860"]

1. e4 c5 2. Nf3 d6 3. d4 cxd4 4. Nxd4 Nf6 5. Nc3 Nbd7 6. Bb5 a6 7. Ba4 e6 8. O-O
Be7 9. b4 O-O 10. Bb2 b5 11. Bb3 Qc7 12. Qe2 Nb6 13. a4 Bb7 14. axb5 axb5 15.
Ncxb5 Qd7 16. Nc3 d5 17. Rxa8 dxe4 18. Rxf8+ Bxf8 19. Rd1 Bxb4 20. Nxe6 Qc6 21.
Rd8+ Ne8 22. Nc7 Qxc7 23. Rxe8+ Bf8 24. Nxe4 Qc6 25. Ba3 Nd7 26. Bxf8 Nxf8 27.
f3 Qb6+ 28. Nf2 Qc5 29. Qc4 Qf5 30. Re7 Qa5 31. Qxf7+ 1-0

[Event "AUTO-ADV-1069"]
[Site "http://www.queenalice.com/game.php?id=475852"]
[Date "2008.10.11"]
[Round "1"]
[White "Tom"]
[Black "chessnm"]
[Result "1-0"]
[WhiteElo "1902"]
[BlackElo "1718"]

1. c4 Nf6 2. Nc3 g6 3. Nf3 Bg7 4. g3 O-O 5. Bg2 d5 6. cxd5 Nxd5 7. O-O Nxc3 8.
bxc3 e5 9. Ba3 Re8 10. Rb1 Nc6 11. Qc2 e4 12. Ne1 Bf5 13. Rxb7 e3 14. d3 Bh6 15.
Bxc6 exf2+ 16. Kxf2 Be3+ 17. Kg2 h5 18. Bxe8 Qd5+ 19. Rf3 Rxe8 20. Qb3 Qc6 21.
Rb4 Bd2 22. Qd1 Bxe1 23. Qxe1 Bxd3 24. e3 Be4 25. Rxe4 Rxe4 26. Qd2 f5 27. Kf2
1-0

[Event "AUTO-ADV-1069"]
[Site "http://www.queenalice.com/game.php?id=475853"]
[Date "2008.10.11"]
[Round "1"]
[White "chessnm"]
[Black "Tom"]
[Result "1/2-1/2"]
[WhiteElo "1752"]
[BlackElo "1909"]

1. d4 f5 2. c4 Nf6 3. Nf3 e6 4. Bg5 Be7 5. e4 Nxe4 6. Bxe7 Qxe7 7. c5 O-O 8. Nc3
d5 9. Ne5 Nd7 10. Nxd7 Bxd7 11. Bd3 Nxf2 12. Kxf2 Qh4+ 13. g3 Qxd4+ 14. Ke2 Qxc5
15. Rc1 Qd6 16. Re1 f4 17. Kd2 fxg3 18. Qh5 Qf4+ 19. Kc2 g6 20. Bxg6 hxg6 21.
Qxg6+ Kh8 22. Rf1 Qxf1 1/2-1/2

[Event "AUTO-ADV-1069"]
[Site "http://www.queenalice.com/game.php?id=475854"]
[Date "2008.10.11"]
[Round "1"]
[White "Tom"]
[Black "SGT"]
[Result "0-1"]
[WhiteElo "1913"]
[BlackElo "1926"]

1. c4 c6 2. Nc3 Nf6 3. Nf3 d6 4. g3 e5 5. d3 Be7 6. Bg2 O-O 7. O-O Nbd7 8. b4 d5
9. c5 Re8 10. Rb1 Nf8 11. Nxe5 Bxc5 12. bxc5 Rxe5 13. d4 Re8 14. Re1 b5 15. a4
a6 16. axb5 axb5 17. Nxb5 cxb5 18. Rxb5 Ng6 19. Bg5 Ba6 20. Rb2 Bc4 21. Rb6 Re6
22. Rb7 h6 23. Be3 Rea6 24. Rb4 Ne7 25. Qc2 Ra2 26. Rb2 Nc6 27. Qc1 Qa5 28. Rxa2
Qxa2 29. Bxh6 gxh6 30. Qxh6 Nxd4 31. Qxf6 Nxe2+ 32. Kh1 Qd2 33. Qf3 Qxe1+ 0-1

[Event "AUTO-ADV-1069"]
[Site "http://www.queenalice.com/game.php?id=475855"]
[Date "2008.10.11"]
[Round "1"]
[White "SGT"]
[Black "Tom"]
[Result "0-1"]
[WhiteElo "1849"]
[BlackElo "1904"]

1. d4 f5 2. g3 Nf6 3. Bg2 d5 4. Nc3 e6 5. f4 Bb4 6. a3 Bxc3+ 7. bxc3 O-O 8. Nf3
Nbd7 9. O-O Ne4 10. Qd3 c5 11. Ne5 Nxe5 12. fxe5 Qa5 13. Bxe4 fxe4 14. Qe3 Rxf1+
15. Kxf1 cxd4 16. cxd4 Bd7 17. Bd2 Rf8+ 18. Kg2 Qc7 19. c3 Bb5 20. Rb1 a6 21.
Rf1 Qc4 22. Rxf8+ Kxf8 23. Qf2+ Kg8 24. e3 Qe2 25. Qxe2 Bxe2 26. h3 g5 27. Kf2
Bc4 28. g4 Kg7 29. Kg3 Kg6 30. h4 gxh4+ 31. Kxh4 h6 32. Be1 Be2 33. Bg3 h5 34.
gxh5+ Bxh5 35. Bf4 Be2 36. Bh2 Kf7 37. Kg5 Ke7 38. Kf4 Kd7 39. Kg3 Kc6 40. Kf2
Bg4 41. Ke1 Kb5 42. Kd2 Ka4 43. Kc2 Kxa3 44. Bf4 Be2 45. Bg5 Bd3+ 46. Kd2 Kb3
47. Be7 a5 48. Bc5 a4 49. Bb4 a3 0-1

[Event "AUTO-OPEN-1301"]
[Site "http://www.queenalice.com/game.php?id=476747"]
[Date "2008.10.13"]
[Round "1"]
[White "rmvwoods"]
[Black "Tom"]
[Result "0-1"]
[WhiteElo "2037"]
[BlackElo "1847"]

1. e4 c5 2. Nf3 d6 3. d4 cxd4 4. Nxd4 Nf6 5. Nc3 a6 6. Bg5 e6 7. f4 Be7 8. Qf3
Nbd7 9. O-O-O O-O 10. h4 h6 11. Bxf6 Bxf6 12. Qf2 Qb6 13. Qd2 Nc5 14. g4 e5 15.
g5 exd4 16. gxf6 dxc3 17. Qxd6 Qxb2# 0-1

[Event "AUTO-OPEN-1301"]
[Site "http://www.queenalice.com/game.php?id=476748"]
[Date "2008.10.13"]
[Round "1"]
[White "Tom"]
[Black "rmvwoods"]
[Result "1-0"]
[WhiteElo "1888"]
[BlackElo "2013"]

1. c4 e5 2. Nc3 Nf6 3. d3 Bb4 4. Bd2 Nc6 5. a3 Bc5 6. b4 Bd4 7. Nf3 d6 8. b5
Bxc3 9. Bxc3 Ne7 10. g3 a6 11. Bg2 axb5 12. cxb5 Bg4 13. a4 c6 14. bxc6 bxc6 15.
Nxe5 dxe5 16. Bxc6+ Nd7 17. Bxa8 Qxa8 18. f3 O-O 19. O-O Be6 20. a5 Qa7+ 21. Kg2
Nd5 22. Bd2 f6 23. Qc2 Nc5 24. Qb2 Rb8 25. Qa3 Nb3 26. Qd6 Nxd2 27. Qxe6+ Qf7
28. Qxf7+ Kxf7 29. Rfc1 Nb3 30. Rcb1 Nxa1 31. Rxb8 Nc2 32. a6 Ncb4 33. Rxb4 1-0

[Event "AUTO-OPEN-1301"]
[Site "http://www.queenalice.com/game.php?id=476769"]
[Date "2008.10.13"]
[Round "1"]
[White "Tom"]
[Black "luhosavi"]
[Result "0-1"]
[WhiteElo "1903"]
[BlackElo "2220"]

1. c4 c5 2. Nc3 g6 3. Nf3 Bg7 4. g3 Nc6 5. Bg2 d6 6. O-O e5 7. d3 Nge7 8. Bg5 f6
9. Bd2 O-O 10. Qc1 Be6 11. Bh6 Nf5 12. Bxg7 Kxg7 13. Re1 a6 14. Nd2 Rc8 15. Nd5
b5 16. b3 b4 17. Ne4 Nfd4 18. e3 Nf5 19. a3 a5 20. axb4 Nxb4 21. Nxb4 cxb4 22.
Ra2 d5 23. Nd2 dxc4 24. dxc4 Rf7 25. Rd1 Rd7 26. Bf3 h6 27. Ne4 Rxd1+ 28. Qxd1
Qxd1+ 29. Bxd1 Ra8 30. Bf3 Ra7 31. Nc5 Kf7 32. Nxe6 Kxe6 33. Kf1 Ne7 34. c5 f5
35. Be2 e4 36. Bb5 Kd5 37. Rc2 Rc7 38. Rd2+ Kxc5 39. Ba4 Nd5 40. Rd4 Nc3 41.
Rc4+ Kd6 42. Rd4+ Ke7 43. Rd2 Nxa4 44. bxa4 Rc1+ 45. Ke2 Ra1 46. Rb2 Rxa4 47.
Kd2 Ra3 48. Kc2 Kd6 49. Rb3 Rxb3 50. Kxb3 Kc5 51. h3 a4+ 52. Kb2 Kc4 53. Kc2 a3
54. Kb1 b3 55. Ka1 Kc3 0-1

[Event "AUTO-OPEN-1301"]
[Site "http://www.queenalice.com/game.php?id=476770"]
[Date "2008.10.13"]
[Round "1"]
[White "luhosavi"]
[Black "Tom"]
[Result "1-0"]
[WhiteElo "2162"]
[BlackElo "1851"]

1. e4 c5 2. Nc3 d6 3. f4 Nc6 4. Nf3 Nf6 5. Bb5 Bd7 6. O-O a6 7. Bxc6 Bxc6 8. d3
h5 9. Qe1 e6 10. h3 b5 11. e5 Nd5 12. f5 Qb6 13. fxe6 fxe6 14. exd6 Bxd6 15.
Qxe6+ Be7 16. Nxd5 Qb7 17. Nxe7 Qxe7 18. Qxc6+ 1-0

[Event "AUTO-OPEN-1301"]
[Site "http://www.queenalice.com/game.php?id=476771"]
[Date "2008.10.13"]
[Round "1"]
[White "Tom"]
[Black "chess2009"]
[Result "1-0"]
[WhiteElo "1900"]
[BlackElo "1415"]

1. c4 e5 2. Nc3 Bb4 3. Nf3 Bxc3 4. bxc3 g5 5. Nxe5 Nh6 6. g3 d6 7. Nd3 b6 8. Bg2
c6 9. O-O Nd7 10. Bxc6 Rb8 11. Qa4 a6 12. Ba3 Nf5 13. Bg2 b5 14. Qb3 bxc4 15.
Qxc4 Nb6 16. Qe4+ Ne7 17. Qd4 Rf8 18. Bxd6 a5 19. Bxb8 Nd7 20. Ba7 Qc7 21. Qe3
f6 22. Bc5 Rf7 23. Rab1 Kf8 24. Ba3 a4 25. Bd5 Qd8 26. Bxf7 Kxf7 27. Rb4 h6 28.
Rfb1 Nf5 29. Qa7 Qe7 30. e3 Ne5 31. Nxe5+ fxe5 32. Qxe7+ Nxe7 33. Rxa4 Bf5 34.
Rb7 Bc2 35. Rxe7+ Kf6 36. Ra6+ Kf5 37. Rf7+ Ke4 38. f3+ Kd3 39. Rd6+ Ke2 40. f4
gxf4 41. gxf4 exf4 42. exf4 Bb1 43. f5 Bxf5 44. Rxf5 Kd1 45. Rf2 h5 46. d4 Ke1
47. Rb6 h4 48. Rb1# 1-0

[Event "AUTO-OPEN-1301"]
[Site "http://www.queenalice.com/game.php?id=476772"]
[Date "2008.10.13"]
[Round "1"]
[White "chess2009"]
[Black "Tom"]
[Result "0-1"]
[WhiteElo "1407"]
[BlackElo "1911"]

1. e4 c5 2. Bc4 e6 3. Nh3 d6 4. Qf3 Nf6 5. d3 Be7 6. Bg5 Nbd7 7. Bxf6 Bxf6 8. c3
Ne5 9. Qe2 Nxc4 10. dxc4 Qb6 11. b3 O-O 12. O-O Qa5 13. Nf4 Bxc3 14. Nxc3 Qxc3
15. Rac1 Qe5 16. Nd3 Qg5 17. Rc3 b6 18. f4 Qe7 19. Nc1 Bb7 20. Re1 Rad8 21. Qg4
Qf6 22. Rh3 g6 23. Qh4 Qxh4 24. Rxh4 d5 25. exd5 exd5 26. cxd5 Bxd5 27. Ne2 Rfe8
28. f5 Re4 29. Rxe4 Bxe4 30. Ng3 Bd5 31. fxg6 hxg6 32. Ne2 Be6 33. Nc3 Rd2 34.
Rb1 c4 35. bxc4 Bxc4 36. Rd1 Rc2 37. Na4 Rxa2 38. Nc3 Rc2 39. Na4 Bb3 40. Ra1
Bxa4 41. Rxa4 a5 42. g3 f5 43. g4 fxg4 44. Rxg4 Kg7 45. Rd4 b5 46. Kf1 b4 47.
Rd3 a4 48. Ke1 b3 49. Kd1 Rxh2 50. Kc1 a3 51. Kb1 Rh1+ 52. Rd1 Rxd1# 0-1

[Event "AUTO-OPEN-1186"]
[Site "http://www.queenalice.com/game.php?id=489503"]
[Date "2008.11.7"]
[Round "2"]
[White "ChessMonkey"]
[Black "Tom"]
[Result "0-1"]
[WhiteElo "1475"]
[BlackElo "1898"]

1. d4 f5 2. Nf3 Nf6 3. Nc3 e6 4. e3 Bb4 5. Bd2 O-O 6. Bc4 d5 7. Be2 c5 8. dxc5
Bxc5 9. O-O a6 10. b3 Nc6 11. g3 b5 12. Kg2 d4 0-1

[Event "AUTO-OPEN-1186"]
[Site "http://www.queenalice.com/game.php?id=489504"]
[Date "2008.11.7"]
[Round "2"]
[White "Tom"]
[Black "ChessMonkey"]
[Result "1-0"]
[WhiteElo "1900"]
[BlackElo "1473"]

1. c4 Nf6 2. Nc3 Nc6 3. Nf3 e5 4. g3 d6 5. Bg2 g6 6. O-O Bg7 7. d3 b6 8. Bg5 Bb7
9. Qa4 O-O 10. b4 Nd4 11. Nxd4 Bxg2 12. Kxg2 h6 13. Nc6 1-0

[Event "AUTO-OPEN-1186"]
[Site "http://www.queenalice.com/game.php?id=489509"]
[Date "2008.11.7"]
[Round "2"]
[White "Tiberius"]
[Black "Tom"]
[Result "1-0"]
[WhiteElo "1880"]
[BlackElo "1900"]

1. e4 c5 2. Nf3 d6 3. d4 cxd4 4. Nxd4 Nf6 5. Nc3 g6 6. f3 Bg7 7. Be3 O-O 8. Qd2
Re8 9. O-O-O a6 10. g4 Nc6 11. h4 Nxd4 12. Bxd4 e5 13. Be3 Bf8 14. h5 Nxg4 15.
fxg4 Bxg4 16. hxg6 fxg6 17. Bc4+ Be6 18. Nd5 b5 19. Bg5 Be7 20. Nxe7+ Rxe7 21.
Bxe6+ Kg7 22. Rxh7+ Kxh7 23. Qh2+ 1-0

[Event "AUTO-OPEN-1186"]
[Site "http://www.queenalice.com/game.php?id=489510"]
[Date "2008.11.7"]
[Round "2"]
[White "Tom"]
[Black "Tiberius"]
[Result "0-1"]
[WhiteElo "1911"]
[BlackElo "1928"]

1. c4 c5 2. Nc3 Nf6 3. Nf3 d5 4. cxd5 Nxd5 5. g3 Nc6 6. Bg2 Nc7 7. O-O e5 8. d3
Be7 9. Be3 Be6 10. Qa4 O-O 11. Rfd1 Nd5 12. Nxd5 Bxd5 13. Rac1 Nd4 14. Bxd4 exd4
15. a3 b5 16. Qc2 Rc8 17. a4 Rb8 18. axb5 Rxb5 19. Rd2 Qa5 20. Qb1 Bxf3 21. Bxf3
Qxd2 22. Rc2 Qb4 23. Rc4 Qxb2 24. Qxb2 Rxb2 25. Ra4 Rc8 26. Bd5 Rxe2 27. Rxa7 g6
28. Bc4 Kf8 29. Kf1 Rc2 30. Ke1 Rxc4 31. dxc4 Rb8 32. Ra4 Rb4 33. Ra8+ Kg7 34.
Re8 Bf6 35. Kd2 Rxc4 0-1

[Event "AUTO-ADV-1037"]
[Site "http://www.queenalice.com/game.php?id=500900"]
[Date "2008.12.1"]
[Round "2"]
[White "Tom"]
[Black "mrcoelho"]
[Result "1-0"]
[WhiteElo "1895"]
[BlackElo "1730"]

1. c4 e5 2. Nc3 Nf6 3. Nf3 Nc6 4. g3 Bc5 5. Bg2 d5 6. cxd5 Nxd5 7. O-O Nf6 8. d3
O-O 9. Bg5 h6 10. Bxf6 Qxf6 11. Ne4 Qe7 12. Rc1 Bb6 13. a3 Rd8 14. Kh1 Be6 15.
b4 a6 16. Nc5 Bxc5 17. Rxc5 Qd6 18. Nd2 Ra7 19. Ne4 Qd7 20. Qc2 Nd4 21. Qb2 b6
22. Rcc1 a5 23. Ra1 Bd5 24. e3 Nb5 25. Qxe5 axb4 26. axb4 Rxa1 27. Rxa1 Kh8 28.
d4 Re8 29. Qf4 f5 30. Nf6 gxf6 31. Qxh6+ Kg8 32. Qg6+ Kf8 33. Qxf6+ Bf7 34. Bc6
Qd6 35. Qxd6+ Nxd6 36. Bxe8 Kxe8 37. Ra7 Kd7 38. Kg2 Nb5 39. Ra1 Kd6 40. h4 Kd5
41. Kf3 Kc4 42. Kf4 Be6 43. Ra8 Kxb4 44. h5 Nd6 45. h6 Nf7 46. h7 b5 47. Rf8 1-0

[Event "AUTO-ADV-1037"]
[Site "http://www.queenalice.com/game.php?id=500901"]
[Date "2008.12.1"]
[Round "2"]
[White "mrcoelho"]
[Black "Tom"]
[Result "0-1"]
[WhiteElo "1719"]
[BlackElo "1902"]

1. e4 c5 2. Nf3 d6 3. d4 cxd4 4. Nxd4 Nf6 5. Nc3 e6 6. Bd3 Be7 7. O-O a6 8. Nf3
Nbd7 9. Qe2 O-O 10. e5 dxe5 11. Nxe5 Nxe5 12. Qxe5 Bd6 13. Qe2 Re8 14. Bg5 Be7
15. Bxf6 Bxf6 16. Ne4 Bxb2 17. Rad1 Qe7 18. c3 Ba3 19. c4 Rd8 20. c5 Bxc5 21.
Qh5 f5 22. Ng5 g6 23. Qh6 Qg7 24. Qxg7+ Kxg7 25. Bc4 Rxd1 26. Rxd1 e5 27. Rd8
Be7 28. Ne6+ Kf6 29. Nc7 Bxd8 30. Nxa8 b5 31. Bd5 Be6 32. Bb3 Bxb3 33. axb3 Ke6
0-1

[Event "AUTO-ADV-1037"]
[Site "http://www.queenalice.com/game.php?id=500902"]
[Date "2008.12.1"]
[Round "2"]
[White "Tom"]
[Black "kingpatrick"]
[Result "0-1"]
[WhiteElo "1911"]
[BlackElo "1899"]

1. c4 g6 2. Nc3 Bg7 3. Nf3 Nc6 4. g3 Nf6 5. Bg2 d6 6. O-O O-O 7. d4 e5 8. dxe5
Nxe5 9. Bg5 Be6 10. Nxe5 c6 11. Nf3 Re8 12. Ne4 h6 13. Bxf6 Bxf6 14. Nxf6+ Qxf6
15. b3 d5 16. Qc1 dxc4 17. bxc4 Bg4 18. Qxh6 Qg7 19. Qf4 Bf5 20. Nd4 Be4 21. Nf3
Bf5 22. e3 Rad8 23. Nd4 Bd3 24. Rfc1 f5 25. Qf3 Kf7 26. Rd1 Be4 27. Qe2 Bxg2 28.
Kxg2 Rxd4 29. Rxd4 Qxd4 30. Rb1 Qe4+ 0-1

[Event "AUTO-ADV-1037"]
[Site "http://www.queenalice.com/game.php?id=500903"]
[Date "2008.12.1"]
[Round "2"]
[White "kingpatrick"]
[Black "Tom"]
[Result "1-0"]
[WhiteElo "1970"]
[BlackElo "1918"]

1. d4 f5 2. Nf3 Nf6 3. Nc3 e6 4. Bg5 Be7 5. e3 O-O 6. Be2 d5 7. O-O Nbd7 8. Bf4
a6 9. a4 c5 10. Ng5 Qb6 11. Rb1 cxd4 12. Qxd4 Bc5 13. Qd1 h6 14. Nf3 Ne4 15.
Nxe4 fxe4 16. Ne5 Nxe5 17. Bxe5 Rf5 18. Bf4 Bd7 19. c3 Rc8 20. b4 Bd6 21. a5 Qc7
22. Bg4 Rf6 23. Bxd6 Qxd6 24. Rc1 Rg6 25. Bh3 Qe5 26. Qd4 Qg5 27. c4 e5 28.
Qxd5+ Be6 29. Bxe6+ Kh7 30. Bh3 Qh5 31. Qd7 Rf8 32. Kh1 Rgf6 33. Rc2 Qf7 34.
Qxf7 R8xf7 35. Kg1 g5 36. Bg4 Rd6 37. c5 Rc6 38. Rd2 Kg7 39. Rd5 Re7 40. Rfd1
Kf6 41. Rd6+ Kg7 42. Rxc6 bxc6 43. Rd7 Kf6 44. Rd6+ 1-0